<?xml version="1.0" encoding="UTF-8"?><?xml-stylesheet type="text/xsl" href="static/style.xsl"?><OAI-PMH xmlns="http://www.openarchives.org/OAI/2.0/" xmlns:xsi="http://www.w3.org/2001/XMLSchema-instance" xsi:schemaLocation="http://www.openarchives.org/OAI/2.0/ http://www.openarchives.org/OAI/2.0/OAI-PMH.xsd"><responseDate>2026-04-27T21:31:53Z</responseDate><request verb="GetRecord" identifier="oai:uvadoc.uva.es:10324/4753" metadataPrefix="marc">https://uvadoc.uva.es/oai/request</request><GetRecord><record><header><identifier>oai:uvadoc.uva.es:10324/4753</identifier><datestamp>2021-06-29T09:48:03Z</datestamp><setSpec>com_10324_38</setSpec><setSpec>col_10324_852</setSpec></header><metadata><record xmlns="http://www.loc.gov/MARC21/slim" xmlns:doc="http://www.lyncode.com/xoai" xmlns:xsi="http://www.w3.org/2001/XMLSchema-instance" xmlns:dcterms="http://purl.org/dc/terms/" xsi:schemaLocation="http://www.loc.gov/MARC21/slim http://www.loc.gov/standards/marcxml/schema/MARC21slim.xsd">
<leader>00925njm 22002777a 4500</leader>
<datafield tag="042" ind1=" " ind2=" ">
<subfield code="a">dc</subfield>
</datafield>
<datafield tag="720" ind1=" " ind2=" ">
<subfield code="a">Marqués Castro, Elisa</subfield>
<subfield code="e">author</subfield>
</datafield>
<datafield tag="260" ind1=" " ind2=" ">
<subfield code="c">2013</subfield>
</datafield>
<datafield tag="520" ind1=" " ind2=" ">
<subfield code="a">Una de las asignaturas pendientes de las aulas de educación infantil, es desarrollar&#xd;
un proceso de enseñanza-aprendizaje de la lectura eficaz. Existe una incertidumbre y un&#xd;
vacío de información, sobre cuáles son los métodos, las técnicas y las estrategias más&#xd;
eficaces a la hora de desarrollar esta habilidad en su alumnado.&#xd;
&#xd;
Por lo que en este trabajo se desarrollaran los diferentes métodos existentes,&#xd;
mostrando sus características, sus beneficios y sus inconvenientes. Identificando los&#xd;
métodos que han producidos mejores resultados. Conociendo además la importancia de&#xd;
un buen desarrollo de la capacidad lectora y las consecuencias futuras de un mal&#xd;
desarrollo de la comprensión lectora, pudiendo ser una de las principales causas del&#xd;
fracaso escolar en los adolescentes.&#xd;
&#xd;
Finalmente se conocerá la transcendencia de los programas de animación lectora, ya&#xd;
que son propuestas necesarias que debemos de utilizar con los más pequeños, para que&#xd;
en un futuro sientan interés por aprender a leer, viendo esta capacidad como una&#xd;
herramienta de transmisión de conocimiento que les abre al conocimiento autónomo del&#xd;
mundo que les rodea y les da la oportunidad de comunicarse con los demás.</subfield>
</datafield>
<datafield tag="024" ind2=" " ind1="8">
<subfield code="a">http://uvadoc.uva.es/handle/10324/4753</subfield>
</datafield>
<datafield ind1=" " ind2=" " tag="653">
<subfield code="a">Animación a la lectura</subfield>
</datafield>
<datafield tag="245" ind1="0" ind2="0">
<subfield code="a">Análisis de los métodos lectores</subfield>
</datafield>
</record></metadata></record></GetRecord></OAI-PMH>